000 01766nam0a2200349 4500
001 RU\NLR\bibl\836744
005 20260407082106.0
021 _aRU
_b2005-43671
_92156
035 _a(NLR Aleph) 000825583
090 _a1328427
_c1328427
100 _a20050905d2005 |||y0rusy50 ca
101 0 _arus
102 _aRU
105 _ay |||||||||
200 1 _aСоциально-организационные основы государственной службы
_f[Л.А. Василенко, д.социол.н., проф., В.С. Кирпичев, д.филос.н., проф., Ю.В. Колесников, к.филос.н., проф. и др.]
_gпод общ. ред. В.Л. Романова, д.социол. и мед.н., проф.
_gРос. акад. гос. службы при Президенте Рос. Федерации
210 _aМосква
_cИзд-во РАГС
_d2005
215 _a271 с.
_d21
320 _aБиблиогр. в подстроч. прим.
606 1 _aГосударственная служба
_91467075
_3RU\NLR\auth\66313601
686 _aХ621.02
686 _aХ810.12
686 _aС550.511
701 1 _aВасиленко
_bЛ. А.
_gЛюдмила Александровна
_4070
701 1 _aКирпичев
_bВ. С.
_4070
701 1 _aКолесников
_bЮ. В.
_4070
702 1 _4340
_8rus
_7ca
_aРоманов
_bВ. Л.
_cд-р социол. наук, д-р мед. наук
_f1938-
_gВячеслав Леонидович
_3RU\NLR\auth\7744177
_927119
712 0 2 _4570
_aРоссийская академия государственной службы
_3RU\NLR\AUTH\887664
_9287515
801 0 _aRU
_bNLR
_c20050905
_grcr
801 1 _aRU
_bNLR
_c20050905
942 _cBOOK
980 _aNB